Sexual abuse in America's most trusted institution. Scout's Honor

محفوظ في:
التفاصيل البيبلوغرافية
المؤلف الرئيسي: Boyle, Patrick
التنسيق: كتاب
اللغة:الإنجليزية
منشور في: Prima Pub 1994
الوسوم: إضافة وسم
لا توجد وسوم, كن أول من يضع وسما على هذه التسجيلة!

MARC

LEADER 00000nam a2200000 4500
005 20240918183623.0
008 240731b |||||||| |||| 00| 0 eng d
020 |a 978-1559583657 
040 |c GP 
100 |a Boyle, Patrick 
245 |a Sexual abuse in America's most trusted institution. Scout's Honor 
260 |b Prima Pub  |c 1994 
942 |2 ddc  |c BK  |n 0 
952 |0 0  |1 0  |2 ddc  |4 0  |6 810_000000000000000_BOY  |7 1  |9 1748  |a RM  |b RM  |d 2024-07-31  |l 0  |o 810 BOY  |p 549  |r 2024-07-31 18:49:56  |w 2024-07-31  |y BK 
999 |c 1564  |d 1564